Physics Equation or Complete Gibberish - Statistics

General Stats
  • This quiz has been taken 352 times
  • The average score is 10 of 15
Answer Stats
Question Tile Select % Correct
Physics equations Yes
91%
Physics equations No
80%
Physics equations Yes
79%
Physics equations No
79%
Physics equations Yes
76%
Physics equations No
76%
Physics equations No
73%
Physics equations No
69%
Physics equations Yes
62%
Physics equations Yes
61%
Physics equations Yes
56%
Physics equations Yes
54%
Physics equations Yes
47%
Physics equations Yes
34%
Physics equations Yes
20%
No matching quizzes found
Score Distribution
Percent of People with Each Score
Percentile by Number Answered
Your Score History
You have not taken this quiz